| Record ID | marc_records_scriblio_net/part06.dat:116762187:707 |
| Source | Scriblio |
| Download Link | /show-records/marc_records_scriblio_net/part06.dat:116762187:707?format=raw |
LEADER: 00707nam 2200241 4500
001 69016293
003 DLC
005 19990716000000.0
008 690925r1969 nyua j 000 1 eng
010 $a 69016293
040 $aDLC$cDLC$dDLC
042 $alcac
050 00 $aPZ7.G78$bAp3
082 00 $a[Fic]
100 1 $aGray, Nicholas Stuart.
245 14 $aThe apple stone.$cIllustrated by Charles Keeping.
250 $a[1st U.S. ed.]
260 $aNew York,$bMeredith Press$c[1969]
300 $a230 p.$billus.$c22 cm.
350 $a4.95
520 $aFive children find an odd-looking apple that speaks and has the power to "animate the inanimate."
650 1 $aFantasy.
700 1 $aKeeping, Charles,$eillus.